000 00425nam a2200181Ia 4500
001 8575
005 20260306160619.0
008 260306t2013||||xx |||||||||||||| ||spa||
041 _aESP
082 _a370.15
_bB23
100 _aBaquero, Ricardo
_eAUT
245 0 _aVigotsky y el aprendizaje escolar
260 _c2013
300 _a256 páginas :
_c22 cm.
650 _aGEN
654 _aCED
942 _cLIB
_dJUS
_fJUS
_2ddc
_n
999 _c8575
_d8575